• 首页
  • 本馆介绍
  • 公告通知
  • 最新文献
  • 馆藏检索
  • 电子资源
  • 读者导购
  • 参考咨询
  • 我的图书馆
  • 登录
  • 详细信息显示
  • 放入我的书架
  • 预约/预借图书
  • 作者相关作品
  • 分类相关作品
  • 丛书相关作品
  • 出版社相关作品

书目信息

  • 表格格式
  • 工作单格式
  • 卡片格式
题名:
邓小平教育哲学论稿
    
 
作者: 邱珂 著
分册:  
出版信息: 兰州   兰州大学出版社  1999
页数: 353页
开本: 20cm
丛书名:
单 册:
中图分类: A849.167
科图分类:
主题词: 邓小平 (1904~1997)--教育思想
电子资源:
ISBN: 7-311-01510-3
000 00562nam0 2200193 450
001 0758835509
005 20070720090521.53
010    @a7-311-01510-3@dCNY20.00
100    @a20070718d1999 km y0chiy0120 ea
101 0  @achi
102    @aCN@b620000
200 1  @a邓小平教育哲学论稿@Adeng xiao ping jiao yu zhe xue lun gao@f邱珂著@Fqiu ke zhu
210    @a兰州@c兰州大学出版社@d1999
215    @a353页@d20cm
606 0  @a邓小平 (1904~1997)@x教育思想
690    @aA849.167@v3
701  0 @a邱珂@Aqiu ke@4著
801  0 @aCN@bPFT@c20070720
905    @a10447@dA849.167@e53
    
    邓小平教育哲学论稿/邱珂著.-兰州:兰州大学出版社,1999
    353页;20cm
    
    
    ISBN 7-311-01510-3:CNY20.00
    
●
相关链接 在E读中查询图书 在五车中查询图书 在当当中查询图书 在豆瓣中查询图书


正题名:邓小平教育哲学论稿     索取号:A849.167/53         预约/预借

序号 登录号 条形码 馆藏地/架位号 状态 备注
1 0781784   207817843   第一样本阅览室/ [索取号:A849.167/53] 在馆    
2 0781785   207817852   密集书库/ [索取号:A849.167/53] 在馆    
3 0781786   207817861   密集书库/ [索取号:A849.167/53] 在馆    
4 0781787   207817870   密集书库/ [索取号:A849.167/53] 在馆    
5 0781788   207817889   密集书库/ [索取号:A849.167/53] 在馆    
6 0781789   207817898   库房3/ [索取号:A849.167/53] 在馆    
7 0781790   207817905   库房3/ [索取号:A849.167/53] 在馆    
8 0781791   207817914   库房3/ [索取号:A849.167/53] 在馆    
9 0781792   207817923   库房3/ [索取号:A849.167/53] 在馆    
10 0781793   207817932   库房3/ [索取号:A849.167/53] 在馆    
11 0781794   207817941   库房3/ [索取号:A849.167/53] 在馆    
12 0781795   207817950   库房3/ [索取号:A849.167/53] 在馆    
13 0781796   207817969   库房3/ [索取号:A849.167/53] 在馆    
14 0781797   207817978   库房3/ [索取号:A849.167/53] 在馆    
唐山师范学院图书馆 欢迎您!
大连网信软件有限公司© 版权所有